000 00406cam a22001457a 4500
008 180718b1990 xxu||||| |||| 00| 0 eng d
082 _aYx54 M691
100 _aSingh, Tej Vir
245 _aGeography of the mountains
_cby Tej Vir Singh
260 _aNew Delhi
_bHeritage
_c1990
300 _a305p.
440 _aContribution to India Gography
650 _aMountains
650 _aNatural resources - India
999 _c353539
_d353539